01036nam a2200205 a 450000100100000000500170001000800410002704000250006808200150009324500970010826000490020530000100025450400270026471001440029171001370043504900090057295201130058195201190069499900170081300003171020200930063124.0110630s1991 dr 000 0 spa d aDO-SdBNPbspacBNPHU axxxxbP96900aCurso-Taller sobre juegos y canciones infantiles para 1er. y 2do. grados del nivel primario. aSanto Domingo :bSEEBAC :bUNICEF,c[1991?]. a60 p. aBibliografía : P. 602 aSecretaría de Estado de Educación Bellas Artes y Cultos, Proyecto de Reforzamiento de los dos Primeros Grados del Nivel Primario9579782 aFondo de la Naciones Unidas para la Infancia (UNICEF), Programa de Supervivencia y Desarrollo del Niño y la Mujer 1988-1991957979 aBNPD 0010718PDaPDbPDcCTd2011-06-30iLF1l0oxxxx P969p31710-10r2020-06-25w2020-06-25yLFPDZNo se presta 0010718PDaPDbPDcCTd2011-06-30iLF1l0oxxxx P969p31710-20r2020-06-25te. 2w2020-06-25yLFPDZNo se presta c31202d31202